| 000 | 00396nam a2200157Ia 4500 | ||
|---|---|---|---|
| 008 | 230917s9999||||xx |||||||||||||| ||und|| | ||
| 020 | _cRS115 | ||
| 040 |
_e31353 _aMAIN |
||
| 041 | _aEnglish | ||
| 082 | _a005.133 B181O | ||
| 100 | _aBalagurusamy, E | ||
| 245 | 0 | _aObject-oriented programming with C++ | |
| 260 |
_aNew Delhi _bTata McGraw-Hill _c1999 |
||
| 300 | _axii, 321 p. | ||
| 942 | _cBK | ||
| 999 |
_c102750 _d102750 |
||